000 00748cab a2200229 4500
001 WB3335-03
008 090401t1997 xxu||||| |||| 00| 0 eng d
035 _a(Sirsi) u80801
041 _aeng
245 _aSmaller builders feel the squeeze
260 _c1997
350 _a0
490 _aHerald
_v"Scotland`s Homes" 10 September 1997, 6(1)
520 _aScotland`s over-stretched supply of building land is coming under heavy pressure as major national developers scramble to find sites according to General Accident Land & New Homes.
650 _aBUILDING LAND
650 _aGENERAL ACCIDENT LAND AND NEW HOMES
650 _aLAND PRICES
650 _aSCOTLAND
690 _aBUILT ENVIRONMENT
942 _n0
948 _c11/09/1997
999 _c50888
_d50888